000
00197nam a2200085Ia 4500
008
250605s9999 xx 000 0 und d
041
_a
eng
100
_a
Aman Pandey
245
_a
Jay digital services LLP
999
_c
45626
_d
45626